Great divides readings in social inequality in the United States

Includes bibliographical references; Neal A. Newfield, Ph.D., LICSW (Giver)

Spremljeno u:
Bibliografski detalji
Glavni autor: Shapiro, Thomas M
Format: Knjiga
Jezik:Undetermined
Izdano: Mountain View, Calif. Mayfield Pub. Co. 2001
Teme:
Online pristup:http://lrc.tdmu.edu.vn/opac/search/detail.asp?aID=2&ID=32432
Oznake: Dodaj oznaku
Bez oznaka, Budi prvi tko označuje ovaj zapis!
Thư viện lưu trữ: Trung tâm Học liệu Trường Đại học Thủ Dầu Một
LEADER 00992nam a2200217Ia 4500
001 TDMU_32432
008 210410s9999 xx 000 0 und d
082 |a 361.32 
090 |b S109 
100 |a Shapiro, Thomas M 
245 0 |a Great divides 
245 0 |b readings in social inequality in the United States 
245 0 |c Thomas M. Shapiro 
260 |a Mountain View, Calif. 
260 |b Mayfield Pub. Co. 
260 |c 2001 
300 |a xv, 430 p. 
520 |a Includes bibliographical references; Neal A. Newfield, Ph.D., LICSW (Giver)  |d 2017 
650 |a Equality  |z United States; Marginality, Social  |z United States; Minorities  |z United States  |x Social conditions; Women  |z United States  |x Social conditions; Phụ nữ  |z Hoa Kỳ  |x Điều kiện xã hội; Dân tộc thiểu số  |z Hoa Kỳ  |x Điều kiện xã hội 
856 |u http://lrc.tdmu.edu.vn/opac/search/detail.asp?aID=2&ID=32432 
980 |a Trung tâm Học liệu Trường Đại học Thủ Dầu Một